Language and the law in deaf communities
Αποθηκεύτηκε σε:
| Άλλοι συγγραφείς: | |
|---|---|
| Μορφή: | Βιβλίο |
| Γλώσσα: | English |
| Δημοσίευση: |
[Washington, D.C.] :
[Gallaudet University Press],
[2003]
|
| Σειρά: | Sociolinguistics in deaf communities series ;
; 9 |
| Θέματα: | |
| Ετικέτες: |
Προσθήκη ετικέτας
Δεν υπάρχουν, Καταχωρήστε ετικέτα πρώτοι!
|
MARC
| LEADER | 00000nam a2200000 i 4500 | ||
|---|---|---|---|
| 001 | 1/70018 | ||
| 008 | 080111s2003 eng d | ||
| 020 | |a 1-56368-143-9 (hbk.) | ||
| 022 | |a 10805494 | ||
| 035 | |l 10093569 | ||
| 040 | |a GR-MY-UA |b gre |e aacr | ||
| 041 | 0 | |a eng | |
| 082 | 0 | |a 362.42 |2 (22) | |
| 245 | 1 | 0 | |a Language and the law in deaf communities / |c Ceil Lucas, editor |
| 260 | |a [Washington, D.C.] : |b [Gallaudet University Press], |c [2003] | ||
| 300 | |a vii, 188 σ.; |c 23 εκ. | ||
| 490 | 1 | |a The Sociolinguistics in deaf communities series |v ; 9 | |
| 504 | |a Περιλαμβάνει βιβλιογραφίες και ευρετήριο | ||
| 650 | 0 | 0 | |a Deaf |x Legal status, laws, etc. |z United States. |
| 650 | 0 | 0 | |a Law |z United States |x Language. |
| 650 | 0 | 0 | |a Forensic linguistics |z United States. |
| 650 | 0 | 0 | |a American Sign Language. |
| 700 | 1 | |a Lucas, Ceil. |4 edt | |
| 830 | 0 | |a Sociolinguistics in deaf communities series ; |v ; 9 | |
| 852 | |a INST |b RHODES |e 20080111 |h 362.42 LAN |p 005400030350 |q 005400030350 |t BK |y 0 | ||
| 901 | |a BIBL4-2008-1 | ||
| 909 | |a Ρ |b 142448 | ||
| 922 | |a 4ΕΛΗ |b 200712 |c ΕΠΕΑΕΚ2/ΤΜΣ |d ΕΛΕΥΘΕΡΟΥΔΑΚΗΣ | ||
| 970 | |a ΧΑΡΙΟΠΟΛΙΤΟΥ |b ΚΩΝΣΤΑΝΤΙΝΑ |z 2008/01/11 | ||